Szálloda a kastélyban

Bibliographic Details
Format: Article
Language:Hungarian
PhysicalDescription:Fotogr.
ISSN:1335-7050
Subjects:

MARC

LEADER 00000nab a2200000 a 4500
001 vtls011542887
003 SK-MaSNL
005 20260319070832.0
008 160331c20160330xo d| | 000 0|2hun
015 |a SNBRB2016/03 
038 |a DSZK 
040 |a DSZK  |b slo  |c DSZK  |e AACR2 
041 0 |a hun 
044 |a xo  |c SK 
080 |a 640.412  |x (437.6)  |2 2011 
080 |a 338.483.12:728.81  |x (437.6)  |2 2011 
245 0 0 |a Szálloda a kastélyban  |c [szerző] (béva) 
300 |b Fotogr. 
610 2 7 |a Hotel Amade Chateau (Vrakúň, Slovensko)  |2 dszk  |9 1087536 
650 0 7 |a kaštiele  |2 SNKPH  |9 28599 
650 0 7 |a historické hotely  |2 dszk  |9 489585 
651 7 |a Vrakúň (Slovensko)  |2 SNKPH  |9 109956 
773 0 |t Új szó  |g Évf. 69, sz. 73 (2016.3.30), o. 9  |x 1335-7050 
852 |a DSZK  |b KIS3GCP 
958 |a HU 
958 |a SK 
999 |c 1788154  |d 1790084